000 00705cam a22002657a 4500
003 CHAP
005 20220329135643.0
008 971013s1974 r 00010 d
010 _a39998
011 _a40970
035 _a45096
040 _cCHAP
082 _a632.9
_bF5
100 0 0 _aFletcher, W. W.
_941273
245 1 4 _aThe pest war
260 _aOxford :
_bBlackwell,
_c1974
300 _a218 p.
_b: láms.
590 _aBATCH-UPD
_b10
_c20130110
_lUCH01
_h0939
590 _aCONVERSION
_b10
_c20130109
_lUCH01
_h1322
650 1 4 _aControl de plagas.
_927595
650 1 4 _aPesticidas.
_987536
901 _aBK
942 _cLIBRO
949 _a632.9 F5
_bBC
_cLIBRO
_d-103218
_eLIBRO
_h47534
_i45096
_si
999 _c39998
_d39998